| 000 | 00649cam a22002052 4500 | ||
|---|---|---|---|
| 001 | 0000005986 | ||
| 005 | 20151217152010.0 | ||
| 008 | 070911s xx 000 0 eng d | ||
| 020 |
_a0130994006 : _cKES 4,950 |
||
| 040 |
_aKABU _cKABU |
||
| 100 | 1 |
_aWall, Geoffrey. _@0000157316 |
|
| 245 | 1 | 0 |
_aTourism : _bchange, impacts and opportunities / _cGeoffrey Wall and Alister Mathieson. |
| 260 |
_aHarlow, England : _bPearson/Prentice Hall, _c2006. |
||
| 300 | _axiii, 412 p. | ||
| 650 | 0 |
_aTourism. _@0000149683 |
|
| 700 | 1 |
_aMathieson, Alister. _@0000157317 |
|
| 908 | _a070911 | ||
| 950 | _@1 | ||
| 999 |
_c7147 _d7147 |
||